000
00235nam a2200085 4500
001
1237216
005
20251003085015.0
245
_a
HAYALLER ALEMİNDE MUHAYYELAT GİRİLTİLİ AZİZ EFENDİ
_c
AHMET KABAKLI
260
_b
TÜRK EDEBİYET VAKFI
999
_c
1237216
_d
1237216